| 000 | 00406nam a2200157 a 4500 | ||
|---|---|---|---|
| 001 | 12807 | ||
| 005 | 20180713201119.0 | ||
| 008 | 140415s1993 000 0 spa d | ||
| 041 | _aspa | ||
| 082 |
_a616.8917 _bMAR |
||
| 100 | 1 | _aMARCOS, PATRICIO | |
| 245 | 1 | 0 | _aPSICOANALISIS ANTIGUO Y MODERNO |
| 260 |
_a[s.l.] : _bSIGLO VEINTIUNO, _c1993 |
||
| 300 | _a232 | ||
| 650 | 1 | 4 | _aPSICOANALISIS |
| 999 |
_c12807 _d12807 |
||